| 000 | 00399nam a2200121Ia 4500 | ||
|---|---|---|---|
| 008 | 220620s9999||||xx |||||||||||||| ||und|| | ||
| 245 | 0 | _aBio-Inspired Computational Algorithms and Their Applications | |
| 546 | _aEnglish[eng] | ||
| 650 | _aAlgorithms & data structures | ||
| 700 | _aGao, Shangce | ||
| 856 | _uhttps://mts.intechopen.com/storage/books/1940/authors_book/authors_book.pdf | ||
| 942 | _cEB | ||
| 999 |
_c28329 _d28329 |
||